[Event "Aberto Brasil - II Niterói Chess Open "]
[Site "Salão de Convenções do Hot"]
[Date "2022.09.01"]
[Round "1.84"]
[White "Carvalho Jr, Celestino"]
[Black "Vargas, Victor Da Silva"]
[Result "1-0"]
[WhiteElo "1938"]
[BlackElo "1776"]
[PlyCount "113"]
[EventDate "2022.09.01"]
[EventRounds "9"]
[EventCountry "BRA"]

1. Nf3 d5 2. d3 Nf6 3. g3 e6 4. Bg2 Bd6 5. O-O c5 6. Nbd2 Nc6 7. Re1 O-O 8. e4
dxe4 9. dxe4 e5 10. c3 Qe7 11. Qc2 Rb8 12. Nc4 Bc7 13. Bg5 h6 14. Bd2 b5 15.
Ne3 Rd8 16. Nh4 Rb6 17. Rad1 b4 18. Nd5 Nxd5 19. exd5 bxc3 20. bxc3 Nb8 21. c4
Bg4 22. Rc1 Na6 23. a3 Rdb8 24. Bc3 Rb3 25. Bb4 R3xb4 26. axb4 Nxb4 27. Qd2 g5
28. Nf3 e4 29. h3 Bf5 30. Nh2 Bd6 31. Rc3 Be5 32. Ra3 Bd4 33. Ng4 Kg7 34. Ne3
Bg6 35. g4 Qc7 36. Nf5+ Bxf5 37. gxf5 Nd3 38. Rxd3 exd3 39. Qxd3 f6 40. Qe4 Be5
41. Qd3 a5 42. Qa3 Rb4 43. d6 Bxd6 44. Bd5 Be5 45. Qf3 Kh7 46. Qh5 Qg7 47. Qe8
a4 48. Bf7 h5 49. Rd1 Rb8 50. Bg6+ Kh6 51. Qxa4 Bd4 52. Qc6 Qe7 53. Qf3 g4 54.
Qf4+ Kg7 55. Qxb8 gxh3 56. Qg3 h4 57. Qxh4 1-0

[Event "Aberto Brasil - II Niterói Chess Open "]
[Site "Salão de Convenções do Hot"]
[Date "2022.09.01"]
[Round "1.85"]
[White "Souza, Dion Avalone"]
[Black "Baptista, Andre Kemper"]
[Result "0-1"]
[WhiteElo "1750"]
[BlackElo "1900"]
[PlyCount "62"]
[EventDate "2022.09.01"]
[EventRounds "9"]
[EventCountry "BRA"]

1. e4 e5 2. Nf3 Nf6 3. Nc3 Nc6 4. d3 h6 5. Be2 Bc5 6. O-O d6 7. Na4 Bb6 8. Nxb6
axb6 9. Be3 O-O 10. Qd2 Kh7 11. b3 Ng4 12. h3 Nxe3 13. fxe3 f5 14. exf5 Bxf5
15. a4 Qe7 16. e4 Bd7 17. b4 Rf7 18. b5 Nd8 19. Qe3 Ne6 20. c3 Nf4 21. Bd1 Bxb5
22. Bb3 Bxd3 23. Rfd1 Be2 24. Rd2 Rf6 25. Rxe2 Nxe2+ 26. Qxe2 Raf8 27. Bd1 Qe6
28. Qb5 Rf4 29. Nd2 Qg6 30. Bf3 Rxf3 31. Nxf3 Rxf3 0-1

[Event "Aberto Brasil - II Niterói Chess Open "]
[Site "Salão de Convenções do Hot"]
[Date "2022.09.01"]
[Round "1.86"]
[White "Montanu, Dan-Vladimir"]
[Black "De Abreu, Luiza Reis Rodrigue"]
[Result "1-0"]
[WhiteElo "1894"]
[BlackElo "1742"]
[PlyCount "71"]
[EventDate "2022.09.01"]
[EventRounds "9"]
[EventCountry "BRA"]

1. d4 Nf6 2. c4 d5 3. Nc3 e6 4. cxd5 exd5 5. Bg5 Bb4 6. Qb3 Bxc3+ 7. bxc3 c6 8.
e3 O-O 9. Bd3 Nbd7 10. Nf3 Qc7 11. Bf4 Qd8 12. O-O Re8 13. c4 Qb6 14. Qc2 h6
15. Rab1 Qa5 16. c5 Ne4 17. Rb2 Qd8 18. Nd2 Ndf6 19. f3 Nxd2 20. Qxd2 b6 21.
cxb6 axb6 22. Rc1 Re6 23. Bf5 Re8 24. Bxc8 Rxc8 25. Qb4 Nd7 26. Rbc2 c5 27.
dxc5 bxc5 28. Qd2 g5 29. Bd6 d4 30. exd4 Rc6 31. dxc5 Qf6 32. Re1 Re6 33. Rxe6
fxe6 34. Qc3 e5 35. Qa5 e4 36. Qa8+ 1-0

[Event "Aberto Brasil - II Niterói Chess Open "]
[Site "Salão de Convenções do Hot"]
[Date "2022.09.02"]
[Round "2.1"]
[White "Marcolino, Daniel Mattos"]
[Black "Fier, Alexandr"]
[Result "0-1"]
[WhiteElo "2030"]
[BlackElo "2583"]
[PlyCount "60"]
[EventDate "2022.09.01"]
[EventRounds "9"]
[EventCountry "BRA"]

1. d4 Nf6 2. Nf3 d5 3. g3 c5 4. Bg2 cxd4 5. O-O h6 6. b3 h5 7. Bb2 h4 8. Nxh4
e5 9. c3 e4 10. Qxd4 Nc6 11. Qd2 g5 12. c4 gxh4 13. cxd5 Nb4 14. Nc3 hxg3 15.
hxg3 Rh5 16. Nxe4 Nxe4 17. Bxe4 Bd6 18. Bf3 Qg5 19. Qxg5 Rxg5 20. e4 Nd3 21.
Bf6 Ne5 22. Be2 Rg6 23. Bh4 Bh3 24. Rfc1 Bg4 25. Bxg4 Rxg4 26. Kg2 Rxe4 27. f4
Ng6 28. Bf6 Kd7 29. Kf3 Rae8 30. Rc3 Nxf4 0-1

[Event "Aberto Brasil - II Niterói Chess Open "]
[Site "Salão de Convenções do Hot"]
[Date "2022.09.02"]
[Round "2.2"]
[White "Delgado Ramirez, Neuris"]
[Black "Santos Filho, Tadeu Sousa"]
[Result "1-0"]
[WhiteElo "2559"]
[BlackElo "2015"]
[PlyCount "127"]
[EventDate "2022.09.01"]
[EventRounds "9"]
[EventCountry "BRA"]

1. e4 e6 2. d4 d5 3. e5 c5 4. c3 Bd7 5. Nf3 Qb6 6. Bd3 Bb5 7. dxc5 Bxc5 8. b4
Bxd3 9. Qxd3 Be7 10. O-O a5 11. Be3 Qc7 12. Na3 axb4 13. Nb5 Qd7 14. cxb4 Nh6
15. Bxh6 gxh6 16. a3 O-O 17. Nfd4 Nc6 18. f4 Nxd4 19. Nxd4 f5 20. Qh3 Bd8 21.
Qxh6 Bb6 22. Rfd1 Rfc8 23. Kh1 Bxd4 24. Rxd4 Rxa3 25. Rg1 Qf7 26. Rdd1 Qg6 27.
Qh4 h5 28. Rc1 Raa8 29. Qf2 Qe8 30. h3 Rxc1 31. Rxc1 Rc8 32. Ra1 Kh7 33. Ra7
Qf7 34. Kh2 Rg8 35. b5 Rg7 36. Ra8 Rg8 37. Ra2 Rc8 38. Qh4 Kh6 39. Ra3 Kh7 40.
b6 Kh8 41. Rg3 Rg8 42. Rc3 Qg6 43. Qf2 Rg7 44. Rc7 Kh7 45. Kg1 Kh6 46. Kf1 Kh7
47. Rc8 Rg8 48. Rc2 Rg7 49. Qh4 Kh6 50. Ke1 Kh7 51. Kd1 Kh6 52. Kc1 Kh7 53. Rc7
Kh6 54. Qf6 Kh7 55. Qg5 Qxg5 56. fxg5 h4 57. Kd2 Kg6 58. Kc3 Rf7 59. Kd4 f4 60.
Kc5 Rf5 61. Rxb7 Rxg5 62. Rb8 Rxe5 63. Rg8+ Kf7 64. b7 1-0

[Event "Aberto Brasil - II Niterói Chess Open "]
[Site "Salão de Convenções do Hot"]
[Date "2022.09.02"]
[Round "2.3"]
[White "Mekhitarian, Krikor Sevag"]
[Black "Gomes, Pedro Pessoa"]
[Result "1-0"]
[WhiteElo "2535"]
[BlackElo "2004"]
[PlyCount "41"]
[EventDate "2022.09.01"]
[EventRounds "9"]
[EventCountry "BRA"]

1. e4 c5 2. Nf3 g6 3. d4 cxd4 4. Nxd4 Bg7 5. c4 Nc6 6. Be3 Nf6 7. Nc3 Ng4 8.
Qxg4 Nxd4 9. Qd1 e5 10. Nb5 Qa5+ 11. Bd2 Qb6 12. c5 Qc6 13. Nd6+ Ke7 14. Rc1 a5
15. Bc4 Qxc5 16. Nxf7 Rf8 17. Bg5+ Ke8 18. O-O Qb6 19. Qa4 Rxf7 20. Bxf7+ Kxf7
21. Rxc8 1-0

[Event "Aberto Brasil - II Niterói Chess Open "]
[Site "Salão de Convenções do Hot"]
[Date "2022.09.02"]
[Round "2.4"]
[White "Urquiza, Marcello De Albuque"]
[Black "Quintiliano Pinto, Renato R."]
[Result "0-1"]
[WhiteElo "2018"]
[BlackElo "2504"]
[PlyCount "78"]
[EventDate "2022.09.01"]
[EventRounds "9"]
[EventCountry "BRA"]

1. e4 c5 2. Nf3 d6 3. d4 cxd4 4. Qxd4 Nc6 5. Qe3 g6 6. c4 Bg7 7. Be2 Nf6 8. O-O
O-O 9. Nc3 Bg4 10. Rb1 Nd7 11. Rd1 Qb6 12. Nd5 Qxe3 13. Bxe3 Nc5 14. h3 Bc8 15.
b4 Nxe4 16. b5 Na5 17. Nxe7+ Kh8 18. Rbc1 Nc3 19. Rd2 Be6 20. Nd5 Nxe2+ 21.
Rxe2 Rac8 22. Rec2 Bf5 23. Ne7 Bxc2 24. Nxc8 Rxc8 25. Rxc2 b6 26. Bd4 d5 27.
Kf1 dxc4 28. Bxg7+ Kxg7 29. Ke2 Rc5 30. Nd4 Rd5 31. Ke3 Kf6 32. f4 Ke7 33. g4
Rd8 34. Ke4 Kd6 35. f5 Kc5 36. Rd2 gxf5+ 37. gxf5 Rd6 38. Ke5 Rh6 39. Rh2 f6+
0-1

[Event "Aberto Brasil - II Niterói Chess Open "]
[Site "Salão de Convenções do Hot"]
[Date "2022.09.02"]
[Round "2.5"]
[White "Lima, Vinicius Taishun"]
[Black "Santiago, Yago De Moura"]
[Result "0-1"]
[WhiteElo "2002"]
[BlackElo "2490"]
[PlyCount "48"]
[EventDate "2022.09.01"]
[EventRounds "9"]
[EventCountry "BRA"]

1. e4 c6 2. d4 d5 3. e5 Bf5 4. c4 e6 5. Nc3 Ne7 6. a3 Nd7 7. c5 f6 8. f4 b6 9.
b4 a5 10. Be3 fxe5 11. fxe5 h6 12. Nf3 g5 13. Be2 Bg7 14. O-O O-O 15. h3 Bh7
16. g4 axb4 17. axb4 Rxa1 18. Qxa1 Qb8 19. Bxg5 hxg5 20. Nxg5 bxc5 21. bxc5 Qb4
22. Rxf8+ Nxf8 23. Nd1 Qe1+ 24. Bf1 Bd3 0-1

[Event "Aberto Brasil - II Niterói Chess Open "]
[Site "Salão de Convenções do Hot"]
[Date "2022.09.02"]
[Round "2.6"]
[White "Dianda, Joao Carlos"]
[Black "Barbosa, Evandro Amorim"]
[Result "0-1"]
[WhiteElo "2000"]
[BlackElo "2481"]
[PlyCount "113"]
[EventDate "2022.09.01"]
[EventRounds "9"]
[EventCountry "BRA"]

1. d4 Nf6 2. c4 g6 3. Nc3 d5 4. cxd5 Nxd5 5. e4 Nxc3 6. bxc3 Bg7 7. Be3 c5 8.
Rc1 O-O 9. Nf3 Qa5 10. Qd2 Nd7 11. d5 Nf6 12. c4 Qxd2+ 13. Nxd2 b6 14. h3 e6
15. Bd3 Ba6 16. Be2 exd5 17. exd5 Rfe8 18. Bf3 Nd7 19. O-O Ne5 20. Be2 f5 21.
Rfe1 Nf7 22. Bd3 Nd6 23. Bf4 Bf8 24. Kf1 Nf7 25. Rxe8 Rxe8 26. Re1 Rxe1+ 27.
Kxe1 Bd6 28. Bxd6 Nxd6 29. f4 Kf7 30. Nf3 Bb7 31. Ne5+ Ke7 32. a4 a6 33. g4 Bc8
34. Kf2 Kf6 35. g5+ Ke7 36. Ke3 Bd7 37. Bc2 Be8 38. h4 Kd8 39. Kf3 Kc7 40. Ke3
b5 41. axb5 axb5 42. cxb5 Bxb5 43. Bb3 Kb6 44. Bd1 Be8 45. Bc2 Kb5 46. Bd3+ Kb4
47. Bb1 c4 48. Ba2 Kc5 49. Ke2 Kd4 50. Kf3 Bb5 51. h5 gxh5 52. Bb1 Be8 53. Nc6+
Kxd5 54. Ne7+ Ke6 55. Ng8 Bc6+ 56. Kg3 Kf7 57. Kh4 0-1

[Event "Aberto Brasil - II Niterói Chess Open "]
[Site "Salão de Convenções do Hot"]
[Date "2022.09.02"]
[Round "2.7"]
[White "Di Berardino, Diego Rafael"]
[Black "Marcolino, Antonio Claudio H."]
[Result "1-0"]
[WhiteElo "2464"]
[BlackElo "1996"]
[PlyCount "41"]
[EventDate "2022.09.01"]
[EventRounds "9"]
[EventCountry "BRA"]

1. d4 d5 2. c4 e6 3. Nc3 a6 4. cxd5 exd5 5. Bf4 Nf6 6. e3 Bd6 7. Bg5 c6 8. f4
Nbd7 9. Nf3 O-O 10. Bd3 Re8 11. Ne5 Nf8 12. O-O Be7 13. Qf3 Qd6 14. a3 N6d7 15.
Bxe7 Qxe7 16. Qg3 Nf6 17. Rae1 Ne4 18. Nxe4 dxe4 19. Bc4 Be6 20. f5 Bxc4 21. f6
1-0

[Event "Aberto Brasil - II Niterói Chess Open "]
[Site "Salão de Convenções do Hot"]
[Date "2022.09.02"]
[Round "2.8"]
[White "Ramos, Angelo Bil"]
[Black "Rodriguez Vila, Andres"]
[Result "0-1"]
[WhiteElo "1996"]
[BlackElo "2452"]
[PlyCount "76"]
[EventDate "2022.09.01"]
[EventRounds "9"]
[EventCountry "BRA"]

1. d4 e6 2. c4 c5 3. d5 exd5 4. cxd5 Nf6 5. Nc3 Bd6 6. Nf3 O-O 7. g3 a6 8. a4
Bc7 9. Bg2 d6 10. O-O Nbd7 11. Nd2 Rb8 12. Qb3 b5 13. axb5 axb5 14. Nde4 Nxe4
15. Nxe4 Ne5 16. Bf4 Re8 17. Rfe1 Bf5 18. Ng5 Ba5 19. Red1 c4 20. Qa3 Bb6 21.
Nf3 Bc5 22. Qa6 Ng6 23. Be3 Rxe3 24. fxe3 Qe7 25. Kh1 Qxe3 26. Qc6 Be4 27. Ra8
Rxa8 28. Qxa8+ Nf8 29. Qe8 Bxf3 30. Qxe3 Bxg2+ 31. Kxg2 Bxe3 32. Kf3 Bg5 33.
Ke4 Bf6 34. Ra1 Bxb2 35. Ra6 f5+ 36. Ke3 b4 37. Rc6 c3 38. Kd3 b3 0-1

[Event "Aberto Brasil - II Niterói Chess Open "]
[Site "Salão de Convenções do Hot"]
[Date "2022.09.02"]
[Round "2.9"]
[White "Matsuura, Everaldo"]
[Black "Ferreira, Marcone Fiuza"]
[Result "1-0"]
[WhiteElo "2437"]
[BlackElo "1991"]
[PlyCount "57"]
[EventDate "2022.09.01"]
[EventRounds "9"]
[EventCountry "BRA"]

1. e4 c5 2. Nf3 a6 3. c3 e6 4. d4 d5 5. Nbd2 Nc6 6. Bd3 cxd4 7. cxd4 dxe4 8.
Nxe4 Bb4+ 9. Nc3 Nf6 10. O-O h6 11. Bc2 Bd7 12. Re1 Ne7 13. Ne5 Rc8 14. Qf3 Bc6
15. Qg3 g5 16. a3 Ba5 17. Qh3 Qxd4 18. Bxg5 Bxg2 19. Kxg2 Rg8 20. Nxf7 Ng4 21.
Qf3 Bxc3 22. Red1 Qxf2+ 23. Qxf2 Nxf2 24. Nd6+ Kf8 25. Kxf2 Bxb2 26. Bxh6+ Bg7
27. Nxc8 Nxc8 28. Rd8+ Kf7 29. Rxg8 1-0

[Event "Aberto Brasil - II Niterói Chess Open "]
[Site "Salão de Convenções do Hot"]
[Date "2022.09.02"]
[Round "2.10"]
[White "Okamura, Milton Kasuo"]
[Black "Languidey, Simon Alejandro"]
[Result "0-1"]
[WhiteElo "1993"]
[BlackElo "2415"]
[PlyCount "62"]
[EventDate "2022.09.01"]
[EventRounds "9"]
[EventCountry "BRA"]

1. d4 d5 2. c4 dxc4 3. Nf3 Nf6 4. e3 e6 5. Bxc4 a6 6. O-O b5 7. Be2 Bb7 8. Nc3
Nbd7 9. b3 c5 10. Bb2 Rc8 11. Rc1 Qb6 12. a4 b4 13. Nb1 Be7 14. Nbd2 O-O 15.
Nc4 Qd8 16. Nfd2 cxd4 17. Bxd4 Bd5 18. Bd3 Bc5 19. Bb2 Ba7 20. Bc2 Nc5 21. Bd4
Qe7 22. f3 Rfd8 23. Qe2 Nfd7 24. e4 Bxc4 25. Nxc4 Nxb3 26. Bxa7 Nxc1 27. Rxc1
Ne5 28. Bb6 Rxc4 29. Bxd8 Qc5+ 30. Qf2 b3 31. Qxc5 Rxc5 0-1

[Event "Aberto Brasil - II Niterói Chess Open "]
[Site "Salão de Convenções do Hot"]
[Date "2022.09.02"]
[Round "2.11"]
[White "Molina, Roberto Junio Brito"]
[Black "Souza Dos Santos, Matheus Garcett"]
[Result "1-0"]
[WhiteElo "2390"]
[BlackElo "1988"]
[PlyCount "49"]
[EventDate "2022.09.01"]
[EventRounds "9"]
[EventCountry "BRA"]

1. d4 Nf6 2. c4 g6 3. Nc3 Bg7 4. e4 d6 5. f3 O-O 6. Be3 Nc6 7. Nge2 a6 8. Qd2
Na5 9. Nf4 b5 10. h4 Nd7 11. h5 c5 12. dxc5 Ne5 13. b3 b4 14. Ncd5 Nexc4 15.
bxc4 Bxa1 16. hxg6 fxg6 17. cxd6 exd6 18. Bb6 Bc3 19. Bxd8 Bxd2+ 20. Kxd2 Rxd8
21. Nf6+ Kg7 22. Rxh7+ Kxf6 23. Nd5+ Kg5 24. f4+ Kg4 25. Rh3 1-0

[Event "Aberto Brasil - II Niterói Chess Open "]
[Site "Salão de Convenções do Hot"]
[Date "2022.09.02"]
[Round "2.12"]
[White "Cantarino Neto, Mario Ribeiro"]
[Black "Filgueiras, Nathan Felipe"]
[Result "0-1"]
[WhiteElo "1973"]
[BlackElo "2358"]
[PlyCount "54"]
[EventDate "2022.09.01"]
[EventRounds "9"]
[EventCountry "BRA"]

1. d4 Nf6 2. c4 e6 3. Nf3 b6 4. g3 Ba6 5. b3 d5 6. Bg2 Bb4+ 7. Bd2 Be7 8. Bc3
Ne4 9. O-O O-O 10. Nfd2 Nxc3 11. Nxc3 c6 12. Rc1 Bf6 13. e3 Nd7 14. f4 Rc8 15.
Re1 c5 16. Nf3 dxc4 17. Bf1 cxd4 18. exd4 Nb8 19. Ne4 cxb3 20. Rxc8 Bxc8 21.
Nxf6+ Qxf6 22. axb3 Bb7 23. Ne5 Rd8 24. Qa1 a5 25. Rc1 Qe7 26. Qa4 Qd6 27. Rd1
Qd5 0-1

[Event "Aberto Brasil - II Niterói Chess Open "]
[Site "Salão de Convenções do Hot"]
[Date "2022.09.02"]
[Round "2.13"]
[White "Tamarozi, Isabelle"]
[Black "Rodi, Luis Ernesto"]
[Result "0-1"]
[WhiteElo "1965"]
[BlackElo "2327"]
[PlyCount "122"]
[EventDate "2022.09.01"]
[EventRounds "9"]
[EventCountry "BRA"]

1. e4 e5 2. Nf3 Nc6 3. Bb5 a6 4. Ba4 d6 5. c3 f5 6. d3 Nf6 7. Bg5 h6 8. Bxf6
Qxf6 9. Nbd2 g5 10. exf5 Bxf5 11. Ne4 Qg6 12. Bxc6+ bxc6 13. Qa4 Bd7 14. Qa5
Be7 15. Qxc7 g4 16. Nfd2 Rc8 17. Qa7 d5 18. Nc5 Bf5 19. Ndb3 Bxd3 20. Qd7+ Kf7
21. Nxd3 Qxd3 22. Nc5 Qg6 23. f4 Rhd8 24. f5 Qg5 25. Qe6+ Kf8 26. Nd7+ Rxd7 27.
Qxd7 Qe3+ 28. Kf1 Qd3+ 29. Ke1 Rd8 30. Qxc6 Qe3+ 31. Kf1 Rd6 32. Qc8+ Kf7 33.
Re1 Qd3+ 34. Kg1 e4 35. Qc5 d4 36. Qe5 dxc3 37. Qxe4 Qxe4 38. Rxe4 Rd1+ 39. Kf2
Rxh1 40. bxc3 Rc1 41. Rxg4 Rc2+ 42. Ke3 Rxc3+ 43. Kd4 Ra3 44. Rg6 Bf6+ 45. Kc5
Rxa2 46. Rxh6 Rxg2 47. Kb6 Ra2 48. Rh7+ Bg7 49. Rh3 Bd4+ 50. Kc6 a5 51. Rd3 Bf2
52. Kb5 Be1 53. h3 Kf6 54. Re3 Bb4 55. Rf3 Re2 56. Ka4 Re5 57. h4 Rxf5 58. Rg3
Rf4 59. Rh3 Kg6 60. Rh1 Kh5 61. Rd1 Kxh4 0-1

[Event "Aberto Brasil - II Niterói Chess Open "]
[Site "Salão de Convenções do Hot"]
[Date "2022.09.02"]
[Round "2.14"]
[White "Baules Rodriguez, Jorge Luis"]
[Black "De Siqueira, Luigy Lira"]
[Result "1-0"]
[WhiteElo "2307"]
[BlackElo "1969"]
[PlyCount "99"]
[EventDate "2022.09.01"]
[EventRounds "9"]
[EventCountry "BRA"]

1. e4 e5 2. Nf3 Nc6 3. Bb5 a6 4. Ba4 Nf6 5. O-O Nxe4 6. d4 b5 7. Bb3 d5 8. dxe5
Be6 9. Nbd2 Nc5 10. c3 d4 11. Ng5 Nxb3 12. Nxe6 fxe6 13. axb3 Qd7 14. Re1 Be7
15. Qh5+ g6 16. Qh6 dxc3 17. bxc3 Qd3 18. Qg7 Rf8 19. Ne4 O-O-O 20. Bg5 Bxg5
21. Nxg5 Qf5 22. Nf3 Kb7 23. Re3 Na5 24. c4 Rf7 25. Qh6 bxc4 26. bxc4 Qc2 27.
Ree1 Nxc4 28. Rec1 Qd3 29. Ng5 Rfd7 30. h3 Qd5 31. Qh4 Nb6 32. Ne4 g5 33. Qg4
h5 34. Qe2 Qb5 35. Nc5+ Kc8 36. Qe4 Rd5 37. Nxe6 R8d7 38. Qf5 Kb7 39. Qf8 Rxe5
40. Nc5+ Rxc5 41. Rxc5 Qb2 42. Qf3+ Kb8 43. Rca5 g4 44. Qf8+ Kb7 45. Rxa6 gxh3
46. Qf3+ Rd5 47. Ra7+ Kc6 48. Qxh3 Qc2 49. Qf3 Kd7 50. Qf7+ 1-0

[Event "Aberto Brasil - II Niterói Chess Open "]
[Site "Salão de Convenções do Hot"]
[Date "2022.09.02"]
[Round "2.15"]
[White "Silva, Luiz Renato Marini"]
[Black "Limp, Eduardo Thelio"]
[Result "0-1"]
[WhiteElo "1965"]
[BlackElo "2298"]
[PlyCount "74"]
[EventDate "2022.09.01"]
[EventRounds "9"]
[EventCountry "BRA"]

1. e4 c5 2. Nf3 d6 3. d4 cxd4 4. Nxd4 Nf6 5. Nc3 a6 6. Be2 e5 7. Nb3 Be7 8. Bg5
Be6 9. Qd2 Nbd7 10. Rd1 Rc8 11. O-O O-O 12. Kh1 Qc7 13. f3 Rfd8 14. Qe1 b5 15.
a3 Nb6 16. Rf2 d5 17. exd5 Nbxd5 18. Nxd5 Bxd5 19. Bd3 Ng4 20. fxg4 Bxg5 21.
Re2 Qc6 22. Nd2 Bf4 23. Ne4 Qh6 24. g3 Bg5 25. h4 Be7 26. Kh2 Qb6 27. Nc3 Bf3
28. Rxe5 Bf6 29. Rf5 Bxc3 30. bxc3 Bxg4 31. Re5 Bxd1 32. Qxd1 Qf2+ 33. Kh3 Qf6
34. Qe1 g6 35. Kh2 h5 36. Kh3 Kg7 37. Kh2 Rc6 0-1

[Event "Aberto Brasil - II Niterói Chess Open "]
[Site "Salão de Convenções do Hot"]
[Date "2022.09.02"]
[Round "2.16"]
[White "Cominato Neto, Jose Luis"]
[Black "De Albuquerque, Ian Telek C."]
[Result "1-0"]
[WhiteElo "2270"]
[BlackElo "1958"]
[PlyCount "47"]
[EventDate "2022.09.01"]
[EventRounds "9"]
[EventCountry "BRA"]

1. e4 c5 2. Nf3 e6 3. g3 Nc6 4. Bg2 Nf6 5. Nc3 Be7 6. O-O d6 7. d4 cxd4 8. Nxd4
Qc7 9. Ncb5 Qb8 10. c4 a6 11. Nxc6 bxc6 12. e5 dxe5 13. Bxc6+ Kf8 14. Nc3 Bb7
15. Bf3 e4 16. Bg2 Qc7 17. Qe2 Rc8 18. b3 Bc5 19. Be3 Bb4 20. Na4 Nd7 21. c5
Bxc5 22. Nxc5 Nxc5 23. Rac1 Qe7 24. Qc4 1-0

[Event "Aberto Brasil - II Niterói Chess Open "]
[Site "Salão de Convenções do Hot"]
[Date "2022.09.02"]
[Round "2.17"]
[White "Silva, Caio Henrique Angel"]
[Black "Rego, Vinicius V. De Alme"]
[Result "1/2-1/2"]
[WhiteElo "1959"]
[BlackElo "2269"]
[PlyCount "76"]
[EventDate "2022.09.01"]
[EventRounds "9"]
[EventCountry "BRA"]

1. d4 Nf6 2. Nf3 c5 3. d5 e6 4. c4 exd5 5. cxd5 Bd6 6. Nc3 Bc7 7. e4 d6 8. Bd3
a6 9. a4 O-O 10. h3 Re8 11. O-O Nbd7 12. Re1 Nf8 13. Bf4 Ng6 14. Bh2 Rb8 15.
Nd2 Ne5 16. Bf1 Bd7 17. f4 Ng6 18. Nf3 h6 19. e5 Nh7 20. e6 fxe6 21. dxe6 Bc6
22. Nd5 Bxd5 23. Qxd5 Ne7 24. Qb3 Nf6 25. f5 d5 26. Bxc7 Qxc7 27. Qc2 b5 28.
axb5 axb5 29. Ne5 c4 30. Qf2 Ne4 31. Rxe4 dxe4 32. Nd7 Nd5 33. Qd4 Nf6 34. Nxb8
Qxb8 35. Qa7 Qxa7+ 36. Rxa7 Rb8 37. Kf2 Nd5 38. Rd7 Nf6 1/2-1/2

[Event "Aberto Brasil - II Niterói Chess Open "]
[Site "Salão de Convenções do Hot"]
[Date "2022.09.02"]
[Round "2.18"]
[White "Pires, Marcos Vinicius Tor"]
[Black "Segato, Pedro Henrique Pedr"]
[Result "1-0"]
[WhiteElo "2262"]
[BlackElo "1947"]
[PlyCount "137"]
[EventDate "2022.09.01"]
[EventRounds "9"]
[EventCountry "BRA"]

1. Nf3 Nf6 2. c4 c5 3. Nc3 Nc6 4. g3 g6 5. d4 cxd4 6. Nxd4 Bg7 7. Bg2 O-O 8.
O-O Qb6 9. Nb3 d6 10. Be3 Qd8 11. h3 Ne5 12. Nd2 Be6 13. Nd5 Qd7 14. f4 Nc6 15.
Kh2 Rac8 16. Rc1 b6 17. Nb1 Na5 18. b3 Bxd5 19. cxd5 Rxc1 20. Bxc1 Nb7 21. e4
Rc8 22. Qe2 Qc7 23. Na3 Qc3 24. Nc4 Nh5 25. Be3 Na5 26. Rc1 Qb4 27. Bd2 Qb5 28.
Bxa5 bxa5 29. Bf3 Nf6 30. e5 dxe5 31. fxe5 Nxd5 32. Bxd5 Qxd5 33. Nb6 axb6 34.
Rxc8+ Bf8 35. h4 h5 36. Qe3 Kg7 37. e6 fxe6 38. Rc2 e5 39. Rd2 Qb5 40. Qe4 e6
41. a4 Qc5 42. Rc2 Qd4 43. Re2 Bc5 44. Qxe5+ Qxe5 45. Rxe5 Kf6 46. Re2 e5 47.
Kg2 Kf5 48. Kf3 Bd4 49. Re4 Bc5 50. Rc4 Bd4 51. Rc6 e4+ 52. Kg2 Bc5 53. b4 Bxb4
54. Rxb6 Bd2 55. Rb5+ Kf6 56. Rd5 e3 57. Kf3 Ke6 58. Rb5 Kf6 59. Ke2 Ke6 60.
Rc5 Kf6 61. Rg5 Kf7 62. Re5 Kf6 63. Re8 Kf7 64. Re4 Kf6 65. Kf3 Kf5 66. Rc4 Kf6
67. Rc6+ Kf5 68. Rb6 Bb4 69. Rb5+ 1-0

[Event "Aberto Brasil - II Niterói Chess Open "]
[Site "Salão de Convenções do Hot"]
[Date "2022.09.02"]
[Round "2.19"]
[White "Dos Santos, Gilvan Nobrega"]
[Black "De Souza, Regis Gabetta"]
[Result "0-1"]
[WhiteElo "1914"]
[BlackElo "2245"]
[PlyCount "70"]
[EventDate "2022.09.01"]
[EventRounds "9"]
[EventCountry "BRA"]

1. f4 d5 2. Nf3 Nf6 3. e3 g6 4. d4 Bg7 5. Bd3 O-O 6. O-O b6 7. Ne5 Bb7 8. Nd2
c5 9. c3 Nbd7 10. Qf3 Qc7 11. Qh3 Nxe5 12. fxe5 Ne4 13. Bxe4 dxe4 14. Nb3 f6
15. exf6 exf6 16. Bd2 f5 17. Rae1 Qe7 18. Rd1 Ba6 19. Rf2 Bc8 20. g3 f4 21. Qf1
fxg3 22. Rxf8+ Bxf8 23. hxg3 Bg4 24. Qc4+ Kh8 25. Rf1 Bf3 26. dxc5 bxc5 27. Kf2
Rd8 28. Rg1 Qg5 29. Qf1 Bh6 30. Ke1 Qd5 31. c4 Qd6 32. Qf2 Qd3 33. Qf1 Qc2 34.
Bc3+ Kg8 35. Nd2 Qc1+ 0-1

[Event "Aberto Brasil - II Niterói Chess Open "]
[Site "Salão de Convenções do Hot"]
[Date "2022.09.02"]
[Round "2.20"]
[White "Marra, Eduardo Da Costa"]
[Black "Carvalho Jr, Celestino"]
[Result "1-0"]
[WhiteElo "2244"]
[BlackElo "1938"]
[PlyCount "112"]
[EventDate "2022.09.01"]
[EventRounds "9"]
[EventCountry "BRA"]

1. e4 e5 2. Nf3 Nc6 3. Bc4 Be7 4. d4 exd4 5. Nxd4 d6 6. Nc3 Nf6 7. f3 O-O 8.
Be3 a6 9. a3 Re8 10. Qd2 Bd7 11. O-O b5 12. Ba2 Na5 13. Qd3 Nb7 14. Rad1 c6 15.
h3 a5 16. Nce2 b4 17. Nf4 c5 18. Nde2 Qc7 19. Rd2 Rab8 20. Rfd1 Nd8 21. Bf2 h6
22. Bg3 Rb6 23. Bc4 a4 24. Ng6 Nb7 25. Nef4 Bc6 26. Bxf7+ Kxf7 27. Qc4+ d5 28.
Nxd5 Bxd5 29. Rxd5 Na5 30. Bxc7 Nxc4 31. Bxb6 Nxb6 32. Nxe7 Rxe7 33. Rxc5 bxa3
34. bxa3 Nfd7 35. Rc6 Re6 36. Rc7 Ke7 37. Rd4 Rd6 38. c3 Ke6 39. Kf2 g6 40. f4
h5 41. g3 Rxd4 42. cxd4 Kd6 43. Rc1 Nb8 44. d5 N6d7 45. Ke3 Nc5 46. Rd1 Nb3 47.
e5+ Ke7 48. g4 Nd7 49. gxh5 gxh5 50. Rg1 Nb6 51. Ke4 Nd2+ 52. Kd3 Nf3 53. Rg7+
Ke8 54. Rb7 Nd7 55. Ra7 Ng1 56. d6 Nxh3 1-0

[Event "Aberto Brasil - II Niterói Chess Open "]
[Site "Salão de Convenções do Hot"]
[Date "2022.09.02"]
[Round "2.21"]
[White "Medeiros, Thauane Ferreira"]
[Black "Mesias Rojas, Rabindranath"]
[Result "1/2-1/2"]
[WhiteElo "1905"]
[BlackElo "2227"]
[PlyCount "99"]
[EventDate "2022.09.01"]
[EventRounds "9"]
[EventCountry "BRA"]

1. d4 Nf6 2. Bf4 g6 3. e3 Bg7 4. h3 O-O 5. Nf3 d6 6. Bc4 Nc6 7. O-O e5 8. dxe5
Ne4 9. Nbd2 Nxd2 10. Qxd2 Nxe5 11. Bxe5 Bxe5 12. Nxe5 dxe5 13. Rad1 Qh4 14. Qc3
Bf5 15. Bd5 c6 16. e4 cxd5 17. exf5 d4 18. Qc7 Qf6 19. f4 e4 20. fxg6 hxg6 21.
Qe5 Qxe5 22. fxe5 Rfd8 23. Rf4 Rac8 24. Rxe4 Rxc2 25. Rexd4 Rxd4 26. Rxd4 Rxb2
27. Rd8+ Kg7 28. a4 a5 29. Rd7 Kf8 30. Kh2 b5 31. Rd5 bxa4 32. Rxa5 Ra2 33. Ra7
a3 34. Kg3 Ra1 35. h4 a2 36. Kh2 Kg8 37. g3 Kf8 38. Kg2 Ke8 39. Kh2 Kd8 40. Kg2
Kc8 41. g4 Kd8 42. Kh2 Ke8 43. Kg2 Kf8 44. Kh2 Kg7 45. e6 Re1 46. Rxa2 fxe6 47.
g5 Re3 48. Ra7+ Kf8 49. Kg2 Rd3 50. Rb7 1/2-1/2